| 000 | 00736nam a2200217Ia 4500 | ||
|---|---|---|---|
| 999 |
_c64787 _d64787 |
||
| 003 | GCL | ||
| 005 | 20240530110751.0 | ||
| 008 | 140319s9999 xx 000 0 ara d | ||
| 020 | _a1175064977 | ||
| 040 |
_aGCL / _cGCL |
||
| 082 | 0 | 4 |
_a621.3892 _bف د |
| 100 | 1 | _aفاروق محمد العامرى | |
| 245 | 1 | 0 |
_aالدوائر العلمية لاطفاء الحرائق الكترونيا / _cفاروق محمد العامرى |
| 250 | _aالاولى | ||
| 260 |
_aالقاهرة : _bالدار المصرية اللبنانية ، _c1993 |
||
| 300 |
_a54 ص: _bايض ؛ _c24 سم |
||
| 650 | 0 | 4 | _aاطفاء الحرائق |
| 650 | 0 | 4 | _aالدفاع المدنى |
| 650 | 0 | 4 | _aاجهزة الانذار |
| 942 |
_2ddc _cBK |
||